[Event "FAEIJ"]
[Site "SchemingMind.com"]
[Date "2021.05.07"]
[Round "-"]
[White "Helga1946"]
[Black "Derek Price"]
[Result "1-0"]
[WhiteCountry "GER"]
[BlackCountry "ENG"]
[WhiteElo "2313"]
[WhiteRD "74"]
[BlackElo "2295"]
[BlackRD "67"]
[GameID "711179"]

1. c4 Nf6 2. d4 g6 3. Nc3 Bg7 4. e4 d6 5. Nf3 O-O 6. h3 e5 7. d5 a5 8. Be3 Na6 9. g4 Nd7 10. a3 Nac5
11. Rg1 a4 12. Nd2 c6 13. Be2 h6 14. Qc2 Re8 15. O-O-O cxd5 16. cxd5 Nb6 17. Nb5 Bf8 18. Bxc5 dxc5 19. d6 Re6 20. Nc7 Rb8
21. Nxe6 Bxe6 22. Rg3 Bxd6 23. Nc4 Bxc4 24. Bxc4 Qf6 25. Bb5 Be7 26. Kb1 Ra8 27. Qe2 Kg7 28. Rc3 Rf8 29. Bd7 Qf4 30. Rf3 Qh2
31. Ka2 Qg2 32. Rg3 Qh2 33. Rf3 Qg2 34. Bb5 Qh2 35. Qe3 Ra8 36. Bxa4 Rxa4 37. Qb3 c4 38. Qxb6 Qg2 39. Rc3 Bb4 40. Rxc4 Qf3
41. Rd5 Rxa3+ 42. Kb1 Qh1+ 43. Kc2 Rf3 44. Qxb4 Rxf2+ 45. Rd2 Rxd2+ 46. Qxd2 Qxh3 47. Qd5 Qxg4 48. Qxe5+ Kh7 49. Rc7 Qf3 50. Rxb7 h5
51. b4 h4 52. b5 h3 53. Rb8 f6 54. Qe7+ Kh6 55. Rh8+ Kg5 56. e5 Qf2+ 57. Kc3 Qg3+ 58. Kb4 Qe1+ 59. Kc5 Qe3+ 60. Kc6 Qe4+
61. Kc7 Qc4+ 62. Kb6 Qd4+ 63. Qc5 Qf4 64. e6+ f5 65. e7
1-0

[Event "FAEIJ"]
[Site "SchemingMind.com"]
[Date "2021.05.07"]
[Round "-"]
[White "Martin E. Hardwick"]
[Black "Helga1946"]
[Result "0-1"]
[WhiteCountry "ENG"]
[BlackCountry "GER"]
[WhiteElo "1259"]
[WhiteRD "68"]
[BlackElo "2282"]
[BlackRD "69"]
[GameID "711180"]

1. d4 d5 2. Nf3 Bf5 3. Bf4 e6 4. a3 Bd6 5. Bxd6 cxd6 6. e3 Nf6 7. Be2 Nbd7 8. Nc3 O-O 9. O-O a6 10. Bd3 Bg6
11. Bxg6 hxg6 12. Re1 Qb6 13. Na4 Qb5 14. Nc3 Qxb2 15. Qb1 Qxc3 16. Qc1 Rfc8 17. Re2 b5 18. Ra2 Qc4 19. Ra1 Qxe2 20. c3 Ne4
21. c4 Qxf2+ 22. Kh1 Rxc4 23. Qe1 Qxe1+ 24. Nxe1 Rac8 25. Nd3 Nf2+ 26. Nxf2 Rc1+ 27. Nd1 Rxa1 28. g3 Rc2 29. h3 Rxd1#
0-1

[Event "FAEIJ"]
[Site "SchemingMind.com"]
[Date "2021.05.07"]
[Round "-"]
[White "Phillip Beckett"]
[Black "Helga1946"]
[Result "0-1"]
[WhiteCountry "ENG"]
[BlackCountry "GER"]
[WhiteElo "1486"]
[WhiteRD "56"]
[BlackElo "2282"]
[BlackRD "69"]
[GameID "711181"]

1. e4 e5 2. Nf3 Nc6 3. Bb5 a6 4. Ba4 b5 5. Bb3 Bb7 6. c3 Nf6 7. O-O Be7 8. Re1 d5 9. exd5 Nxd5 10. Nxe5 Nxe5
11. Rxe5 c5 12. Bxd5 Bxd5 13. d4 cxd4 14. Qxd4 Be6 15. Qxd8+ Rxd8 16. Nd2 b4 17. cxb4 Bxb4 18. Re2 O-O 19. Nf1 Rd1 20. b3 Bc3
21. Rb1 Rc8 22. Rc2 Bf5
0-1

[Event "FAEIJ"]
[Site "SchemingMind.com"]
[Date "2021.05.02"]
[Round "-"]
[White "JAHI"]
[Black "Derek Price"]
[Result "1/2-1/2"]
[WhiteCountry "INT"]
[BlackCountry "ENG"]
[WhiteElo "2019"]
[WhiteRD "72"]
[BlackElo "2237"]
[BlackRD "64"]
[GameID "711182"]

1. c3 Nf6 2. c4 g6 3. Nc3 Bg7 4. d3 O-O 5. h3 d5 6. h4 dxc4 7. dxc4 Qxd1+ 8. Kxd1 Rd8+ 9. Bd2 Bf5 10. Kc1 Nc6
11. e3 Ne4 12. Nxe4 Bxe4 13. Bc3 Bxc3 14. bxc3 Rd7 15. Nf3 Bxf3 16. gxf3 Rad8 17. Be2 Rd2 18. Re1 b6 19. f4 Kg7 20. c5 Kf6
21. cxb6 axb6 22. Bf3 Na5 23. Rd1 Nc4 24. Be2 Rxd1+ 25. Bxd1 Rd3 26. Be2 Rxc3+ 27. Kd1 Nd6 28. a3 Rc5 29. a4 h5 30. Bd3 Nf5
31. Bxf5 Kxf5 32. Ke2 f6 33. Rb1 Ra5 34. Rb4 g5 35. fxg5 fxg5 36. f3 gxh4 37. Rxh4 Ke6 38. Kf2 Kd6 39. Rd4+ Rd5 40. Rh4 Rc5
41. Ke2 c6 42. Rd4+ Rd5 43. Rb4 Ra5 44. Rxb6 Rxa4 45. Rb1 Ra8 46. Rd1+ Ke6 47. Rc1 Kd7 48. Rd1+ Kc7 49. Rh1 Rh8 50. Rh4 c5
51. f4 Kc6 52. Kd3 Kd5 53. e4+ Kc6 54. f5 Rh7 55. Kc3 Rh6 56. Kb3 Kd6 57. Kc4 Rh7 58. Kb5 Rh8 59. Kc4 Rh6=
1/2-1/2

[Event "FAEIJ"]
[Site "SchemingMind.com"]
[Date "2021.05.02"]
[Round "-"]
[White "grabapawn"]
[Black "JAHI"]
[Result "0-1"]
[WhiteCountry "USA"]
[BlackCountry "INT"]
[WhiteElo "1454"]
[WhiteRD "58"]
[BlackElo "2075"]
[BlackRD "77"]
[GameID "711183"]

1. f4 d6 2. e3 g6 3. g4 Bg7 4. Bg2 h6 5. Nc3 h5 6. Bf3 Bxg4 7. d4 Nh6 8. h3 Bxf3 9. Nxf3 Nd7 10. e4 Kf8
11. Ng5 Kg8 12. Be3 e6 13. e5 Qe7 14. Ne2 Re8 15. Rf1 Nf5 16. Bf2 dxe5 17. dxe5 Nxe5 18. fxe5 Qxg5 19. Qd7 Rd8
0-1

[Event "FAEIJ"]
[Site "SchemingMind.com"]
[Date "2021.05.02"]
[Round "-"]
[White "Martin E. Hardwick"]
[Black "JAHI"]
[Result "0-1"]
[WhiteCountry "ENG"]
[BlackCountry "INT"]
[WhiteElo "1229"]
[WhiteRD "72"]
[BlackElo "2019"]
[BlackRD "72"]
[GameID "711184"]

1. d4 d6 2. h3 g6 3. Nf3 Bg7 4. Nc3 h6 5. e4 h5 6. Bb5+ c6 7. Be2 Nh6 8. O-O Kf8 9. e5 Kg8 10. Bc4 Qf8
11. exd6 exd6 12. d5 c5 13. Re1 Na6 14. Bxa6 bxa6 15. Bxh6 Rxh6 16. Rb1 Bb7 17. Ne4 Re8 18. Nc3 Rxe1+ 19. Qxe1 h4 20. Rd1 Rh5
21. Qe4 Bf6 22. Re1 Bxc3 23. bxc3 Bxd5 24. Qe3 Rf5 25. Nxh4 Re5 26. Qd2 Rxe1+ 27. Qxe1 Qd8 28. Nf3 Bxa2 29. Qa1 Bc4 30. Nd2 Bd5
31. c4 Bxg2 32. Kxg2 Qg5+ 33. Kf1 Qxd2 34. Qb1 Qb4 35. Qxb4 cxb4 36. Ke1 a5 37. Kd1 a4 38. Kc1 Kg7 39. Kb2 a6 40. f4 f6
41. h4 Kf7 42. Kc1 Ke6 43. Kd2 Kf5 44. Ke3 a3
0-1

[Event "FAEIJ"]
[Site "SchemingMind.com"]
[Date "2021.05.02"]
[Round "-"]
[White "Phillip Beckett"]
[Black "JAHI"]
[Result "0-1"]
[WhiteCountry "ENG"]
[BlackCountry "INT"]
[WhiteElo "1513"]
[WhiteRD "54"]
[BlackElo "2075"]
[BlackRD "77"]
[GameID "711185"]

1. e4 d6 2. d4 g6 3. Nf3 Bg4 4. Nc3 Bg7 5. Be3 Nd7 6. h3 Bxf3 7. Qxf3 e6 8. Bd3 Ne7 9. O-O Kf8 10. Bg5 Bxd4
11. Na4 Kg8 12. c3 Bg7 13. b4 f6 14. Be3 Ne5 15. Qe2 Nxd3 16. Qxd3 f5 17. exf5 gxf5 18. Bd4 e5 19. Be3 h6 20. Rad1 f4
21. Bc1 h5 22. Qc4+ d5 23. Qb3 Rh6 24. Nc5 b6 25. Nd3 Qd7 26. Rfe1 Rg6 27. Nxe5 Bxe5 28. Rxe5 Qxh3 29. g3 f3
0-1

[Event "FAEIJ"]
[Site "SchemingMind.com"]
[Date "2021.05.07"]
[Round "-"]
[White "JAHI"]
[Black "Helga1946"]
[Result "0-1"]
[WhiteCountry "INT"]
[BlackCountry "GER"]
[WhiteElo "2003"]
[WhiteRD "66"]
[BlackElo "2271"]
[BlackRD "72"]
[GameID "711186"]

1. c3 e5 2. c4 Nf6 3. Nc3 Bb4 4. a3 Bxc3 5. bxc3 Nc6 6. d3 e4 7. Bg5 h6 8. Bxf6 Qxf6 9. Qc2 exd3 10. exd3 O-O
11. Be2 Qg6 12. Kf1 Na5 13. Rc1 d6 14. Nf3 Qf6 15. Kg1 Re8 16. h3 Bf5 17. Qb2 Re7 18. Kh2 Rae8 19. Rhe1 b6 20. Bf1 Bd7
21. Rxe7 Rxe7 22. Ne1 c5 23. Kg1 Re8 24. g3 Bc6 25. Bg2 Re5 26. Kf1 Qe6 27. Bxc6 Nxc6 28. g4 Qf6 29. Ng2 Qf3 30. d4 cxd4
31. cxd4 Qd3+ 32. Kg1 Nxd4 33. Nf4 Qe4 34. Ng2 Ne2+ 35. Kh2 Qf3 36. Qd2 Nxc1 37. Qxc1 Qxf2 38. Qf4 Qxf4+ 39. Nxf4 Re4 40. Nd5 Rxc4
41. Kg1 b5 42. Kf2 a5 43. Ne7+ Kh7 44. Nf5 b4 45. axb4 a4 46. Ne3 Rxb4 47. Ke2 Re4 48. Kd2 Rxe3 49. Kxe3 a3 50. g5 hxg5
51. Kf3 f5 52. Ke3 f4+ 53. Kf3 a2 54. h4 a1=Q 55. hxg5 Kg6 56. Kxf4 Qe1 57. Kg4 Qf2 58. Kh3 Kf5 59. g6 Qg1 60. Kh4 Qh2#
0-1

[Event "FAEIJ"]
[Site "SchemingMind.com"]
[Date "2021.05.02"]
[Round "-"]
[White "David Connolly"]
[Black "Greg Magne"]
[Result "1-0"]
[WhiteCountry "WLS"]
[BlackCountry "CAN"]
[WhiteElo "1983"]
[WhiteRD "64"]
[BlackElo "1830"]
[BlackRD "80"]
[GameID "711187"]

1. d4 d5 2. c4 c6 3. Nf3 e6 4. e3 Bd6 5. Bd3 dxc4 6. Bxc4 b5 7. Bd3 Bb7 8. O-O Nd7 9. e4 a6 10. a4 Nb6
11. e5 Bc7 12. Ng5 f5 13. Nxe6 Qe7 14. Bxf5 Nd5 15. Qh5+ g6 16. Bxg6+ hxg6 17. Nxc7+ Qxc7 18. Qxh8 Kd7 19. Qh7+ Nge7 20. Bg5 c5
21. Nc3 Re8 22. axb5 axb5 23. Nxb5 Qc6 24. Nd6 Ne3 25. Qh3+ N7f5 26. fxe3 Rh8 27. Qg4
1-0

[Event "FAEIJ"]
[Site "SchemingMind.com"]
[Date "2021.05.02"]
[Round "-"]
[White "Kenny Elliott"]
[Black "David Connolly"]
[Result "0-1"]
[WhiteCountry "USA"]
[BlackCountry "WLS"]
[WhiteElo "1538"]
[WhiteRD "68"]
[BlackElo "2037"]
[BlackRD "71"]
[GameID "711188"]

1. d4 Nf6 2. c4 e6 3. Nc3 Bb4 4. Bd2 O-O 5. Nf3 b6 6. e3 Bb7 7. Be2 d6 8. a3 Bxc3 9. Bxc3 Ne4 10. d5 Nxc3
11. bxc3 Qe7 12. O-O Nd7 13. Qd3 Nc5 14. Qd1 Rae8 15. a4 e5 16. a5 Bc8 17. axb6 axb6 18. Qc2 g6 19. Nd2 f5 20. Nb3 Nxb3
21. Qxb3 f4 22. exf4 Rxf4 23. f3 Ref8 24. Ra8 Qg5 25. Kh1 Rh4 26. g4 Qf4 27. Rf2 e4 28. Rxc8 Rxc8 29. c5 Qe3 30. Kg2 Rxh2+
31. Kxh2 Qxf2+ 32. Kh3 exf3 33. Bxf3 Qxf3+ 34. Kh4 bxc5 35. Qb7 Qf6+ 36. Kh3 Qd8 37. c4 Qd7 38. Qb2 Rf8 39. Qc3 h5 40. Qg3 Qxg4+
41. Qxg4 hxg4+ 42. Kxg4 Kg7
0-1

[Event "FAEIJ"]
[Site "SchemingMind.com"]
[Date "2021.05.02"]
[Round "-"]
[White "Derek Price"]
[Black "David Connolly"]
[Result "1-0"]
[WhiteCountry "ENG"]
[BlackCountry "WLS"]
[WhiteElo "2188"]
[WhiteRD "68"]
[BlackElo "1983"]
[BlackRD "64"]
[GameID "711189"]

1. c4 c5 2. Nf3 g6 3. g3 Bg7 4. Bg2 Nc6 5. O-O e6 6. Nc3 Nge7 7. d3 O-O 8. Bd2 d5 9. Qc1 b6 10. Bh6 d4
11. Bxg7 Kxg7 12. Na4 e5 13. a3 Bd7 14. b4 Nxb4 15. axb4
1-0

[Event "FAEIJ"]
[Site "SchemingMind.com"]
[Date "2021.05.02"]
[Round "-"]
[White "David Connolly"]
[Black "grabapawn"]
[Result "1-0"]
[WhiteCountry "WLS"]
[BlackCountry "USA"]
[WhiteElo "1994"]
[WhiteRD "69"]
[BlackElo "1477"]
[BlackRD "62"]
[GameID "711190"]

1. d4 f5 2. g3 Nf6 3. Bg2 e6 4. c4 Be7 5. Nf3 O-O 6. O-O d6 7. Nc3 Nbd7 8. b3 c6 9. Bb2 Qe8 10. Qc2 Qh5
11. Rad1 e5 12. dxe5 dxe5 13. e4 Ng4 14. h3 Ndf6 15. hxg4 Nxg4 16. Rfe1 Bc5 17. Re2 fxe4 18. Nxe4 Rxf3 19. Bxf3 Qh2+ 20. Kf1 Ne3+
21. fxe3 Bh3+ 22. Ke1 Qg1+ 23. Kd2 Rd8+ 24. Kc1 Bxe3+ 25. Rxe3 Rxd1+ 26. Qxd1 Qxe3+ 27. Kb1 Bf5 28. Qd8+ Kf7 29. Qc7+ Kg6 30. Qxe5 Qe1+
31. Bc1
1-0

[Event "FAEIJ"]
[Site "SchemingMind.com"]
[Date "2021.05.02"]
[Round "-"]
[White "David Connolly"]
[Black "Martin E. Hardwick"]
[Result "1-0"]
[WhiteCountry "WLS"]
[BlackCountry "ENG"]
[WhiteElo "1983"]
[WhiteRD "64"]
[BlackElo "1244"]
[BlackRD "63"]
[GameID "711191"]

1. Nf3 Nf6 2. c4 e6 3. d4 Bb4+ 4. Bd2 Bxd2+ 5. Qxd2 O-O 6. g3 d5 7. Bg2 c6 8. O-O h6 9. Nc3 Nbd7 10. b3 Ne4
11. Nxe4 dxe4 12. Ne5 Nxe5 13. Bxe4 Ng6 14. Rad1 Rb8 15. f4 c5 16. dxc5 Qxd2 17. Rxd2 b5 18. Rc1 Bb7 19. c6 Ba6 20. c7 Rbc8
21. cxb5 Bxb5 22. Bb7 Rce8 23. c8=Q Kh7 24. Qc2 Kg8 25. Be4 Ne7 26. a4 Ba6 27. Rd7 Nd5 28. Bxd5 exd5 29. Rxa7 Bxe2 30. Qf5 g6
31. Qxd5 Rd8 32. Rd7 Rde8 33. Rcc7 Bg4 34. Rxf7 Re1+ 35. Kf2 Re2+ 36. Kf1 Be6 37. Rg7+ Kh8 38. Rh7+ Kg8 39. Rcg7#
1-0

[Event "FAEIJ"]
[Site "SchemingMind.com"]
[Date "2021.05.03"]
[Round "-"]
[White "David Connolly"]
[Black "Phillip Beckett"]
[Result "1-0"]
[WhiteCountry "WLS"]
[BlackCountry "ENG"]
[WhiteElo "1983"]
[WhiteRD "64"]
[BlackElo "1513"]
[BlackRD "54"]
[GameID "711192"]

1. d4 d5 2. c4 e6 3. Nc3 Nf6 4. Bg5 Be7 5. e3 h6 6. Bh4 O-O 7. Rc1 Ne4 8. Bxe7 Qxe7 9. cxd5 Nxc3 10. Rxc3 exd5
11. Bd3 c6 12. Ne2 Nd7 13. Bb1 Nf6 14. f3 Be6 15. O-O Rfe8 16. Ng3 g6 17. e4 dxe4 18. fxe4 Bg4 19. Qb3 Be6 20. Qc2 Rad8
21. Rcf3 Nh7 22. Qc3 Ng5 23. Rf4 Qc7 24. e5 Kg7 25. h4 Nh7 26. h5 g5 27. R4f2 Qd7 28. Qd3 Nf8 29. Rd1 c5 30. Qf3 Qd5
31. Qf6+ Kg8 32. Qxh6 cxd4 33. Qxg5+ Kh8 34. Qf6+ Kg8 35. h6 Nh7 36. Qg7#
1-0

[Event "FAEIJ"]
[Site "SchemingMind.com"]
[Date "2021.05.07"]
[Round "-"]
[White "Helga1946"]
[Black "David Connolly"]
[Result "1-0"]
[WhiteCountry "GER"]
[BlackCountry "WLS"]
[WhiteElo "2222"]
[WhiteRD "69"]
[BlackElo "2045"]
[BlackRD "75"]
[GameID "711193"]

1. c4 c5 2. g3 g6 3. Bg2 Bg7 4. Nf3 Nc6 5. Nc3 d6 6. O-O e6 7. b3 Nge7 8. Bb2 O-O 9. e3 e5 10. d3 h6
11. Nd2 f5 12. a3 f4 13. Qe2 h5 14. h3 Be6 15. Nde4
1-0

[Event "FAEIJ"]
[Site "SchemingMind.com"]
[Date "2021.05.02"]
[Round "-"]
[White "LockettJ"]
[Black "Greg Magne"]
[Result "1-0"]
[WhiteCountry "ENG"]
[BlackCountry "CAN"]
[WhiteElo "1990"]
[WhiteRD "120"]
[BlackElo "1830"]
[BlackRD "80"]
[GameID "711195"]

1. d4 d5 2. c4 c6 3. Nf3 e6 4. e3 Nf6 5. Nc3 Bd6 6. Bd3 dxc4 7. Bxc4 b5 8. Bd3 a6 9. e4 Bc7 10. e5 Nd5
11. Bg5 f6 12. exf6 gxf6 13. Bh6 Qe7 14. O-O Nd7 15. Nxd5 cxd5 16. Re1 e5 17. dxe5 fxe5 18. Rc1 Bd6 19. Nxe5 Nxe5 20. Qh5+ Qf7
21. Rxe5+ Bxe5 22. Qxe5+ Kd7 23. Bf5+
1-0

[Event "FAEIJ"]
[Site "SchemingMind.com"]
[Date "2021.05.02"]
[Round "-"]
[White "Kenny Elliott"]
[Black "LockettJ"]
[Result "0-1"]
[WhiteCountry "USA"]
[BlackCountry "ENG"]
[WhiteElo "1553"]
[WhiteRD "61"]
[BlackElo "1990"]
[BlackRD "120"]
[GameID "711196"]

1. d4 Nf6 2. c4 e6 3. Nc3 Bb4 4. Bd2 O-O 5. Nf3 c5 6. e3 cxd4 7. exd4 b6 8. Be2 Bb7 9. a3 Be7 10. O-O d5
11. b3 Nc6 12. cxd5 Nxd5 13. Nxd5 Qxd5 14. Bc4 Qd6 15. Qc1 Nxd4 16. Nxd4 Qxd4 17. Be3 Qe5 18. Re1 Bd6 19. g3 Qe4 20. Bf1 Qh1#
0-1

[Event "FAEIJ"]
[Site "SchemingMind.com"]
[Date "2021.05.02"]
[Round "-"]
[White "Derek Price"]
[Black "LockettJ"]
[Result "1/2-1/2"]
[WhiteCountry "ENG"]
[BlackCountry "ENG"]
[WhiteElo "2237"]
[WhiteRD "64"]
[BlackElo "1960"]
[BlackRD "107"]
[GameID "711197"]

1. c4 e5 2. Nc3 Bb4 3. Nd5 Bc5 4. Nf3 c6 5. Nc3 d6 6. e3 Qe7 7. d4 exd4 8. Nxd4 Nf6 9. Be2 O-O 10. O-O d5
11. cxd5 cxd5 12. b3 Nc6 13. Nxc6 bxc6 14. Bb2 Bf5 15. Rc1 Bd6 16. Na4 Rac8 17. Bd4 Ne4 18. Ba6 Rc7 19. f3 Nf6 20. Bd3 Bxd3
21. Qxd3 Re8 22. Nc5 Nd7 23. Nxd7 Qxd7 24. Bc5 Re6 25. Bxd6 Qxd6 26. Rfe1 Rce7 27. Qd4 Qa3 28. Rc2 Qa6 29. Ree2 Qb6 30. Qxb6 axb6
31. Kf2 f5 32. b4 Kf7 33. a4 Ra7 34. Ra2 Ke7 35. Reb2 Kd6 36. a5 Ra6 37. g3 g6 38. h4 Re7 39. axb6 Rxb6 40. Ra8 Reb7
41. Rd8+ Ke7 42. Rh8 Kd6 43. Rd8+ Ke6 44. Rc8=
1/2-1/2

[Event "FAEIJ"]
[Site "SchemingMind.com"]
[Date "2021.05.02"]
[Round "-"]
[White "LockettJ"]
[Black "grabapawn"]
[Result "1-0"]
[WhiteCountry "ENG"]
[BlackCountry "USA"]
[WhiteElo "1990"]
[WhiteRD "120"]
[BlackElo "1454"]
[BlackRD "58"]
[GameID "711198"]

1. c4 f5 2. Nc3 Nf6 3. g3 g6 4. Bg2 Bg7 5. d3 c6 6. d4 O-O 7. Nf3 d6 8. O-O Nbd7 9. b3 Qc7 10. Bb2 e5
11. dxe5 dxe5 12. Qd2 Nc5 13. Rad1 Be6 14. Ng5 Qe7 15. Ba3 Qd7 16. Qc1 Qe7 17. Bxc5 Qxc5 18. Nxe6 Qb6 19. Nxf8 Rxf8 20. e4 Ng4
21. exf5 Rxf5 22. Ne4 Bh6 23. c5 Qc7 24. Qc4+ Kh8 25. Bh3 Rxf2 26. Nxf2 Ne3 27. Qh4 Bg7 28. Rd8+
1-0

[Event "FAEIJ"]
[Site "SchemingMind.com"]
[Date "2021.05.02"]
[Round "-"]
[White "LockettJ"]
[Black "Martin E. Hardwick"]
[Result "1-0"]
[WhiteCountry "ENG"]
[BlackCountry "ENG"]
[WhiteElo "1990"]
[WhiteRD "120"]
[BlackElo "1244"]
[BlackRD "63"]
[GameID "711199"]

1. c4 Nf6 2. Nc3 e6 3. e4 e5 4. g3 d6 5. Bg2 Nc6 6. Nge2 Bd7 7. O-O Be7 8. d4 exd4 9. Nxd4 Nxd4 10. Qxd4 O-O
11. b3 c5 12. Qd2 Bc6 13. Bb2 Re8 14. Rfe1 Bf8 15. f4 Bxe4 16. Nxe4 Nxe4 17. Bxe4 Qd7 18. Rad1 Rab8 19. Qd3 g6 20. Qc3 f6
21. Qxf6 Qg7 22. Bd5+ Kh8 23. Qf7 Rxe1+ 24. Rxe1 Rd8 25. Qg8#
1-0

[Event "FAEIJ"]
[Site "SchemingMind.com"]
[Date "2021.05.02"]
[Round "-"]
[White "LockettJ"]
[Black "Phillip Beckett"]
[Result "1-0"]
[WhiteCountry "ENG"]
[BlackCountry "ENG"]
[WhiteElo "1990"]
[WhiteRD "120"]
[BlackElo "1513"]
[BlackRD "54"]
[GameID "711200"]

1. c4 e5 2. Nc3 Nf6 3. g3 d5 4. cxd5 Nxd5 5. Bg2 Be6 6. Nf3 f6 7. O-O Qd7 8. d4 Nxc3 9. bxc3 exd4 10. Nxd4 Bd5
11. e4 Bc4 12. e5 c5 13. e6 Qe7 14. Qa4+ Nc6 15. Bxc6+ bxc6 16. Qxc6+
1-0

[Event "FAEIJ"]
[Site "SchemingMind.com"]
[Date "2021.05.07"]
[Round "-"]
[White "Helga1946"]
[Black "LockettJ"]
[Result "1-0"]
[WhiteCountry "GER"]
[BlackCountry "ENG"]
[WhiteElo "2271"]
[WhiteRD "72"]
[BlackElo "1997"]
[BlackRD "93"]
[GameID "711201"]

1. c4 e5 2. Nc3 Bb4 3. Nd5 Bc5 4. e3 Nf6 5. d4 Nxd5 6. cxd5 exd4 7. exd4 Bb4+ 8. Bd2 Bxd2+ 9. Qxd2 O-O 10. Bc4 d6
11. Ne2 Nd7 12. O-O Nb6 13. b3 Re8 14. Rfe1 Qf6 15. a4 a5 16. Nc3 Bd7 17. Bd3 Rxe1+ 18. Rxe1 g6 19. Be4 Re8 20. h3 Qh4
21. Re3 Bxa4 22. g3 Qh6 23. Bg2 Rxe3 24. bxa4 Nc4 25. Qc1 Kg7 26. fxe3 Nxe3 27. Be4 f5 28. Bg2 Nxg2 29. Qxh6+ Kxh6 30. Kxg2 c6
31. dxc6 bxc6 32. d5 cxd5 33. Nxd5 Kg7 34. Kf3 Kf7 35. Ne3 Kf6 36. Nc4
1-0

[Event "FAEIJ"]
[Site "SchemingMind.com"]
[Date "2021.05.02"]
[Round "-"]
[White "JAHI"]
[Black "LockettJ"]
[Result "1/2-1/2"]
[WhiteCountry "INT"]
[BlackCountry "ENG"]
[WhiteElo "2044"]
[WhiteRD "69"]
[BlackElo "2044"]
[BlackRD "82"]
[GameID "711202"]

1. c3 Nf6 2. c4 g6 3. Nc3 c5 4. d3 Bg7 5. g3 O-O 6. Bg2 Nc6 7. h3 d6 8. h4 Ng4 9. f3 Nge5 10. h5 Bd7
11. h6 Bh8 12. Nh3 f5 13. f4 Ng4 14. Nf2 Nf6 15. Bd2 Rb8 16. Kf1 a6 17. Kg1 b5 18. b3 b4 19. Nd5 Nh5 20. Rxh5 gxh5
21. a3 Bxa1 22. Qxa1 Rf7 23. axb4 Nd4 24. Qd1 h4 25. e3 e6 26. exd4 exd5 27. Bxd5 hxg3 28. Nh3 Qh4 29. Bxf7+ Kxf7 30. Ng5+ Kg6
31. Nf3 Qh3 32. bxc5 g2 33. Kf2 dxc5 34. d5 Kxh6 35. Qg1 Rxb3 36. Qxg2 Qxg2+ 37. Kxg2 Rxd3 38. Ba5 Ra3 39. Bb6 Ra2+ 40. Kg3 a5
41. Bxc5 a4 42. Ne5 Bc8 43. Kh4 Kg7 44. d6 a3 45. d7 Bxd7 46. Nxd7 h6 47. Bd4+ Kg6 48. Ne5+ Kh7 49. c5 Rc2 50. Kg3 Rc1
51. c6 a2 52. Kf2 h5 53. Kg3 a1=Q 54. Bxa1 Rxa1 55. Kh4 Kh6 56. Nf7+ Kg6 57. Ne5+ Kf6 58. Nd7+ Ke7 59. Kxh5 Ke6 60. Nf8+ Kf7
61. Nd7 Rg1 62. Ne5+ Kf6 63. Nd7+ Ke7 64. Kh6 Kd6 65. Ne5 Kc7 66. Nf3 Rg4 67. Nd4 Kd6 68. c7 Kxc7 69. Kh5 Kd7 70. Nxf5 Rxf4
71. Kg5 Rf2 72. Kf6 Re2 73. Kg6 Kc7= 74. Kg5 Kd7=
1/2-1/2

[Event "FAEIJ"]
[Site "SchemingMind.com"]
[Date "2021.05.02"]
[Round "-"]
[White "LockettJ"]
[Black "David Connolly"]
[Result "1/2-1/2"]
[WhiteCountry "ENG"]
[BlackCountry "WLS"]
[WhiteElo "1990"]
[WhiteRD "120"]
[BlackElo "1983"]
[BlackRD "64"]
[GameID "711203"]

1. c4 c5 2. Nc3 g6 3. g3 Bg7 4. Bg2 Nc6 5. e4 e6 6. Nge2 Nge7 7. O-O O-O 8. d3 d6 9. Be3 Nd4 10. Rb1 Rb8
11. b4 b6 12. a3 Bb7 13. Qd2 Nec6 14. f4 f5 15. Bf2 Qd7 16. b5 Nxe2+ 17. Nxe2 Nd4=
1/2-1/2